Lives in the law : (Record no. 59670)
[ view plain ]
| 000 -LEADER | |
|---|---|
| fixed length control field | 01483nam a2200385 a 4500 |
| 001 - CONTROL NUMBER | |
| control field | 59670 |
| 003 - CONTROL NUMBER IDENTIFIER | |
| rucl marc code | BD-RjUL |
| 005 - DATE AND TIME OF LATEST TRANSACTION | |
| control field | 20211209080745.0 |
| 008 - FIXED-LENGTH DATA ELEMENTS--GENERAL INFORMATION | |
| fixed length control field | 161226s2007 si c b 011 0deng d |
| 020 ## - INTERNATIONAL STANDARD BOOK NUMBER | |
| International Standard Book Number | 9789810592639 |
| International Standard Book Number | 9810592639 |
| 035 ## - SYSTEM CONTROL NUMBER | |
| System control number | (BD-RjUL)59794 |
| 040 ## - CATALOGING SOURCE | |
| Original cataloging agency | OCoLC |
| Language of cataloging | eng |
| Modifying agency | ANL |
| Transcribing agency | BD-RjUL |
| 041 ## - LANGUAGE CODE | |
| Language code of text/sound track or separate title | eng |
| 082 04 - DEWEY DECIMAL CLASSIFICATION NUMBER | |
| Classification number | 349.5957 |
| Edition number | 22 |
| Author mark and year | LIV 2007 |
| 245 00 - TITLE STATEMENT | |
| Title | Lives in the law : |
| Remainder of title | essays in the honour of Peter Ellinger, Koh Kheng Lian & Tan Sook Yee / |
| Statement of responsibility, etc. | edited by Dora Neo, Tang Hang Wu, Michael Hor. |
| 246 30 - VARYING FORM OF TITLE | |
| Title proper/short title | Essays in the honour of Peter Ellinger, Koh Kheng Lian & Tan Sook Yee |
| 260 ## - PUBLICATION, DISTRIBUTION, ETC. (IMPRINT) | |
| Place of publication, distribution, etc. | Singapore : |
| Name of publisher, distributor, etc. | Faculty of Law, National University of Singapore : |
| -- | Academy Pub., |
| Date of publication, distribution, etc. | c2007. |
| 300 ## - PHYSICAL DESCRIPTION | |
| Pagination | xxviii, 263 p. : |
| Illustrations | ill. ; |
| Size | 26 cm. |
| 504 ## - BIBLIOGRAPHY, ETC. NOTE | |
| Bibliography, etc | Includes bibliographical references and index. |
| 600 14 - SUBJECT ADDED ENTRY--PERSONAL NAME | |
| Personal name | Ellinger, Peter, |
| Dates associated with a name | 1933- |
| Personal name | Koh, Kheng Lian. |
| Personal name | Tan, Sook Yee. |
| 610 20 - SUBJECT ADDED ENTRY--CORPORATE NAME | |
| Corporate name or jurisdiction name as entry element | Asia-Pacific Centre for Environmental Law (National University of Singapore) |
| 650 #0 - SUBJECT ADDED ENTRY--TOPICAL TERM | |
| Topical term or geographic name as entry element | Law |
| Geographic subdivision | Singapore. |
| 9 (RLIN) | 177561 |
| Topical term or geographic name as entry element | Banking law. |
| 9 (RLIN) | 177562 |
| Topical term or geographic name as entry element | Criminal law |
| Geographic subdivision | Singapore. |
| 9 (RLIN) | 177563 |
| Topical term or geographic name as entry element | Real property. |
| 9 (RLIN) | 177564 |
| Topical term or geographic name as entry element | Law teachers |
| Geographic subdivision | Singapore. |
| 9 (RLIN) | 177565 |
| 700 1# - ADDED ENTRY--PERSONAL NAME | |
| Personal name | Neo, Dora. |
| Personal name | Tang, Hang Wu. |
| Personal name | Hor, Michael Yew Meng. |
| 710 2# - ADDED ENTRY--CORPORATE NAME | |
| Corporate name or jurisdiction name as entry element | National University of Singapore. |
| Subordinate unit | Faculty of Law. |
| 9 (RLIN) | 177569 |
| 942 ## - ADDED ENTRY ELEMENTS (KOHA) | |
| Source of classification or shelving scheme | Dewey Decimal Classification |
| Koha item type | Books |
| Lost status | Source of classification or shelving scheme | Damaged status | Not for loan | Collection code | Permanent Location | Current Location | Shelving location | Date acquired | Source of acquisition | Total Checkouts | Full call number | Date last seen | Copy number | Koha item type |
|---|---|---|---|---|---|---|---|---|---|---|---|---|---|---|
| Dewey Decimal Classification | Not For Loan | Non-fiction | Central Library, University of Rajshahi | Central Library, University of Rajshahi | Reading Room | 07/11/2009 | RUCL | 349.5957 LIV 2007 | 26/12/2016 | C-1 | Books |